| 000 | 02369nam0a2200457 4500 | ||
|---|---|---|---|
| 001 | RU\NLR\BIBL_A\011332433 | ||
| 005 | 20250626044059.0 | ||
| 020 | _aRU | ||
| 035 | _a(NLR Aleph) 011332433 | ||
| 090 |
_a11142012 _c11142012 |
||
| 100 | _a20170221d1918 |||y0rusy50 ca | ||
| 101 | 0 | _arus | |
| 102 | _aRU | ||
| 105 | _ay z 000yy | ||
| 135 | _acrcn 024apada | ||
| 135 | _acrcn 024apada | ||
| 135 | _acrcn 024apada | ||
| 200 | 1 |
_aГраждане! 22 мая вы призываетесь выполнить свой гражданский долг избрав... гласных Городской думы... голосуйте за список № 2... _e[листовка] |
|
| 210 |
_aБаргузинъ [Баргузинский район Республики Бурятия] _cТипография А.А. Нодельма _d[1919] |
||
| 215 |
_a[1] л. _d32х21 |
||
| 300 | _aПодпись: Прогрессивный блокъ[ | ||
| 300 | _a(1 экз.) | ||
| 316 |
_aНижний край разорван без потери текста _5NLR |
||
| 325 | 1 | _aКопия доступна в Электронной библиотеке РНБ | |
| 327 | 1 | _aО выборах в Городскую Думу Баргузинска | |
| 517 | 1 | _a22 мая вы призываетесь выполнить свой гражданский долг избрав... гласных Городской думы... голосуйте за список № 2... | |
| 540 | 1 | _aО выборах в Городскую Думу Баргузинска | |
| 606 | 1 |
_aОрганы местного самоуправления _jЛистовки _xВыборы _z1917 _92277614 _3RU\NLR\AUTH\6601593246 |
|
| 607 |
_aРоссия _jЛистовки _xИстория _z1917 _92250871 _3RU\NLR\AUTH\661350120 |
||
| 686 | 0 | _aТ3(2)524.2,011 | |
| 686 | 0 | _aТ3(2)711.19-536,011 | |
| 686 | 1 | _aТ3(2Р-6Бу)711,011 | |
| 711 | 0 | 2 |
_aБаргузинская городская дума _9535813 _3RU\NLR\AUTH\880435741 |
| 852 | 0 | 0 |
_aNLR _bФл _jXIV/20 |
| 942 | _cBOOK | ||
| 980 | _aNB | ||
| 981 | 4 | 2 |
_a(42) 1917: от Февраля к Октябрю _b(42) Листовки 1917 года |